<?xml version="1.0" encoding="UTF-8"?>
<record
    xmlns:xsi="http://www.w3.org/2001/XMLSchema-instance"
    xsi:schemaLocation="http://www.loc.gov/MARC21/slim http://www.loc.gov/standards/marcxml/schema/MARC21slim.xsd"
    xmlns="http://www.loc.gov/MARC21/slim">

  <leader>02477cam a22002775a 4500</leader>
  <controlfield tag="005">20161122103845.0</controlfield>
  <controlfield tag="008">100623t2010    mdua   frb    001 0 eng d</controlfield>
  <datafield tag="020" ind1=" " ind2=" ">
    <subfield code="a">9781585282371</subfield>
  </datafield>
  <datafield tag="040" ind1=" " ind2=" ">
    <subfield code="a">DNLM/DLC</subfield>
    <subfield code="c">DLC</subfield>
    <subfield code="d">YDX</subfield>
    <subfield code="d">NLM</subfield>
    <subfield code="d">BTCTA</subfield>
    <subfield code="d">YDXCP</subfield>
    <subfield code="d">DLC</subfield>
    <subfield code="d">EG-ScBUE</subfield>
    <subfield code="b">eng</subfield>
  </datafield>
  <datafield tag="043" ind1=" " ind2=" ">
    <subfield code="a">n-us---</subfield>
  </datafield>
  <datafield tag="082" ind1="0" ind2="4">
    <subfield code="a">362.1782</subfield>
    <subfield code="2">22</subfield>
    <subfield code="b">INT</subfield>
  </datafield>
  <datafield tag="245" ind1="0" ind2="0">
    <subfield code="a">Introduction to hospital &amp; health-system pharmacy practice /</subfield>
    <subfield code="c">[edited by] David A. Holdford, Thomas R. Brown.</subfield>
  </datafield>
  <datafield tag="246" ind1="3" ind2=" ">
    <subfield code="a">Introduction to hospital and health-system pharmacy practice</subfield>
  </datafield>
  <datafield tag="260" ind1=" " ind2=" ">
    <subfield code="a">Bethesda :</subfield>
    <subfield code="b">American Society of Health-System Pharmacists,</subfield>
    <subfield code="c">c.2010.</subfield>
  </datafield>
  <datafield tag="300" ind1=" " ind2=" ">
    <subfield code="a">xii, 404 p. :</subfield>
    <subfield code="b">ill. ;</subfield>
    <subfield code="c">26 cm.</subfield>
  </datafield>
  <datafield tag="500" ind1=" " ind2=" ">
    <subfield code="a">Index : p. 399-404.</subfield>
  </datafield>
  <datafield tag="504" ind1=" " ind2=" ">
    <subfield code="a">Includes bibliographical references.</subfield>
  </datafield>
  <datafield tag="505" ind1="0" ind2=" ">
    <subfield code="a">What is institutional pharmacy practice? / Kasey K. Thompson and Douglas J. Scheckelhoff -- Overview of the history of hospital pharmacy in the United States / William A. Zellmer -- Key legal and regulatory issues in health-system pharmacy practice / John P. Uselton ... [et al.] -- Medication management / Kathy A. Chase -- Clinical pharmacy / John E. Murphy -- Medication safety / David A. Holdford -- Medication distribution systems / Stephen F. Eckel and Fred M. Eckel -- Controlled substances management / George J. Dydek and David J. Tomich -- Electronic data management : electronic health record systems and computerized provider order entry systems / David A. Holdford, Stephen K. Huffines, and S. Trent Rosenbloom -- Informatics / James G. Stevenson, Scott R. McCreadie, and Bruce W. Chaffee -- Automation in practice / Brad Ludwig and Jack Temple -- Purchasing and inventory control / Jerrod Milton -- The basics of financial management and cost control / Andrew L. Wilson -- Sterile preparations and admixture programs / Philip J. Schneider and E. Clyde Buchanan -- Parenteral therapy / E. Clyde Buchanan -- Leadership and management / David A. Holdford -- Recruiting, selecting, and managing pharmacy personnel / David A. Holdford -- Training for careers in hospitals and health systems / Thomas P. Reinders and David A. Holdford -- Residency training / Jill S. Burkiewicz and Carrie A. Sincak.</subfield>
  </datafield>
  <datafield tag="650" ind1=" " ind2="7">
    <subfield code="a">Hospital pharmacies</subfield>
    <subfield code="z">United States.</subfield>
    <subfield code="2">BUEsh</subfield>
  </datafield>
  <datafield tag="650" ind1="1" ind2="2">
    <subfield code="a">Pharmacy Service, Hospital</subfield>
    <subfield code="z">United States.</subfield>
    <subfield code="2">BUEsh</subfield>
  </datafield>
  <datafield tag="653" ind1=" " ind2=" ">
    <subfield code="b">PPhrm</subfield>
    <subfield code="c">November2016</subfield>
  </datafield>
  <datafield tag="700" ind1="1" ind2=" ">
    <subfield code="a">Holdford, David A.,</subfield>
    <subfield code="e">editor.</subfield>
  </datafield>
  <datafield tag="700" ind1="1" ind2=" ">
    <subfield code="a">Brown, Thomas R.,</subfield>
    <subfield code="e">editor.</subfield>
  </datafield>
  <datafield tag="710" ind1="2" ind2=" ">
    <subfield code="a">American Society of Health-System Pharmacists.</subfield>
  </datafield>
  <datafield tag="942" ind1=" " ind2=" ">
    <subfield code="2">ddc</subfield>
  </datafield>
  <datafield tag="999" ind1=" " ind2=" ">
    <subfield code="c">23246</subfield>
    <subfield code="d">23218</subfield>
  </datafield>
  <datafield tag="952" ind1=" " ind2=" ">
    <subfield code="0">0</subfield>
    <subfield code="1">0</subfield>
    <subfield code="2">ddc</subfield>
    <subfield code="4">0</subfield>
    <subfield code="7">0</subfield>
    <subfield code="8">Baccah</subfield>
    <subfield code="a">MAIN</subfield>
    <subfield code="b">MAIN</subfield>
    <subfield code="c">1ST</subfield>
    <subfield code="d">2016-11-22</subfield>
    <subfield code="e">Purchase</subfield>
    <subfield code="g">461.00</subfield>
    <subfield code="h">23587</subfield>
    <subfield code="l">0</subfield>
    <subfield code="o">362.1782 INT</subfield>
    <subfield code="p">000034945</subfield>
    <subfield code="r">2025-07-15 00:00:00</subfield>
    <subfield code="v">576.00</subfield>
    <subfield code="y">BB</subfield>
  </datafield>
</record>
